| 000 | 003400000a22001450004500 | ||
|---|---|---|---|
| 003 | MACL | ||
| 040 | _aMACL | ||
| 090 |
_c48249 _d48247 |
||
| 100 | _aLang,Jon | ||
| 245 | _aA Concise History of Moder Architecture in India | ||
| 260 |
_aNew Delhi _bPermanent Black _c2010 |
||
| 350 | _a695 | ||
| 650 | _aArchtecture | ||
| 942 |
_cBOOK _k722/LAN |
||
| 999 |
_c47739 _d47739 |
||